Culture Générale #20 - Statistiques

Statistiques générales
  • Ce quiz a été pris 229 fois
    45 depuis la dernière actualisation
  • Le résultat moyen est 13 sur 20
Statistiques - réponses
Questions Réponses % Correct
Combien y a-t-il de jours dans une année bissextile ? 366
95%
Quel désert chaud est le plus grand du monde ? Sahara
95%
Quel sport utilise une balle ovale et des poteaux en forme de H ? Rugby
92%
Qui a peint La Nuit étoilée ? Vincent van Gogh
89%
Sur quel continent se trouve le désert du Kalahari ? Afrique
86%
Quelle est la planète la plus grande du système solaire ? Jupiter
84%
De quel pays provient le tango ? Argentine
81%
Quel alphabet utilise la langue russe ? cyrillique
78%
Quelle lettre grecque ayant laissé son nom à une marque de montre est la dernière de l’alphabet grec, par opposition à l’alpha ? Omega
78%
Quel groupe britannique est surnommé The Fab Four ? The Beatles
73%
Quelle est la plus grande île du monde ? Groenland
68%
Quel est l’élément chimique le plus abondant dans l’univers ? Hydrogène
59%
Quel écrivain russe a écrit "Anna Karénine" ? Léon Tolstoï
57%
Dans quel film trouve-t-on le personnage de Tyler Durden ? Fight Club
54%
Qui a réalisé Le Seigneur des anneaux ? Peter Jackson
49%
Quel scientifique a élaboré la classification périodique des éléments ? Dimitri Ivanovitch Mendeleïev
43%
Quel pays compte le plus grand nombre d’îles au monde ? Suéde
35%
En quelle année a pris fin l’Empire romain d’Occident ? 476
30%
Dans quel film de science-fiction de 1982 Harrison Ford incarne-t-il Rick Deckard ? Blade Runner
30%
Quel acteur a joué le rôle principal dans Citizen Kane ? Orson Welles
22%
Aucun quiz correspondant
Distribution des résultats
% des personnes avec chaque résultat
Percentile par nombre de réponses
Votre historique - résultats
Vous n’avez pas pris ce quiz depuis la dernière actualisation